000
00298nam a22001217a 4500
008
180124b xxu||||| |||| 00| 0 eng d
041
_a
eng
080
_a
94
100
_a
16
101
_a
his
245
_a
natural resources of british columbia and the yukon
_c
barker.m.l
942
_2
udc
_c
BK
999
_c
40860
_d
40860